Pyramid Puzzle #2 - Statistics

General Stats
  • This quiz has been taken 1,844 times
    1,509 since last reset
  • The average score is 7 of 13
Answer Stats
Hint Answer % Correct
Sodium symbol Na
99%
Yellowish-brown TAN
96%
Industrious insects ANTS
94%
Locomotives TRAINS
90%
Luxurious fabric SATIN
89%
Fixed portions of food RATIONS
65%
Restaurant bookings RESERVATIONS
63%
Unmarried Spanish women SENORITAS
51%
Fire starter ARSONIST
38%
Teeth on a saw or knife SERRATIONS
28%
Classical music schools CONSERVATORIES
26%
Subjects to excessive pressure OVERSTRAINS
7%
Over-the-top declaration OVERASSERTION
4%
No matching quizzes found
Score Distribution
Percent of People with Each Score
Percentile by Number Answered
Your Score History
You have not taken this quiz since the last reset